Draft environmental impact statement : (Record no. 15224)
[ view plain ]
| 000 -LEADER | |
|---|---|
| fixed length control field | 00931cam a2200229Ka 4500 |
| 040 ## - CATALOGING SOURCE | |
| Transcribing agency | MZT |
| 082 ## - DEWEY DECIMAL CLASSIFICATION NUMBER | |
| Classification number | 338 DIV 1987 A073 Or. |
| 110 2# - MAIN ENTRY--CORPORATE NAME | |
| Corporate name or jurisdiction name as entry element | CH2M HILL (Firm) |
| 245 10 - TITLE STATEMENT | |
| Title | Draft environmental impact statement : |
| Remainder of title | King County solid waste system operating plan (transfer stations and rural landfills) / |
| 246 30 - VARYING FORM OF TITLE | |
| Title proper/short title | King County solid waste system operating plan (transfer stations and rural landfills) |
| 260 ## - PUBLICATION, DISTRIBUTION, ETC. (IMPRINT) | |
| Place of publication | [Seattle, Wash.] : |
| Name of publisher | The Division, |
| Year of publication | [1987] |
| 300 ## - PHYSICAL DESCRIPTION | |
| Number of Pages | 1 v. (various pagings) : |
| Other physical details | ill., maps ; 28 cm. |
| 500 ## - GENERAL NOTE | |
| General note | "November 1987." |
| 500 ## - GENERAL NOTE | |
| General note | "This project is supported by a grant from the Department of Ecology under the provisions of Referendum 39." |
| 650 #0 - SUBJECT ADDED ENTRY--TOPICAL TERM | |
| Topical Term | Refuse and refuse disposal |
| 650 #0 - SUBJECT ADDED ENTRY--TOPICAL TERM | |
| Topical Term | Refuse collection |
| 650 #0 - SUBJECT ADDED ENTRY--TOPICAL TERM | |
| Topical Term | Refuse disposal facilities |
| 650 #0 - SUBJECT ADDED ENTRY--TOPICAL TERM | |
| Topical Term | Sanitary landfills |
| 710 1# - ADDED ENTRY--CORPORATE NAME | |
| Corporate name or jurisdiction name as entry element | King County (Wash.). |
| 710 2# - ADDED ENTRY--CORPORATE NAME | |
| Corporate name or jurisdiction name as entry element | Herrera Environmental Consultants |
| 942 ## - ADDED ENTRY ELEMENTS (KOHA) | |
| Koha item type | សៀវភៅភាសាអង់គ្លេស |
No items available.